Which City - Multiple Choice #2 - Statistics

General Stats
  • This quiz has been taken 295 times
  • The average score is 9 of 15
Answer Stats
Question Answer % Correct
What is the largest Russian city on the Sea of Japan? Vladivostok
100%
Which one of these is not a city in Australia? Christchurch
94%
In which European city is the International Court of Justice? Hague
94%
Which one of these capital cities have coasts? Baku
75%
What is the largest city that is entirely in the Amazon Rainforest? Manaus
75%
In which city does the novel War and Peace begin? Saint Petersburg
75%
Which city is locally known as "Krung Thep Maha Nakhon"? Bangkok
63%
The Chilean Congress isn't in the capital but which coastal city? Valparaíso
63%
Which one of these modern day cities is not a site of one of Seven Wonders of the Ancient World? Jerusalem
56%
In which one of these Indian cities is Tamil the most spoken language? Chennai
50%
Probably the most visited amusement park in Scandinavia, Liseberg, is located in which Swedish city? Gothenburg
38%
The world's second tallest building (tower) goes with the same name as its city. Which one is it? Shanghai
38%
What was the capital of the German-occupied part of Italy during the WWII? Salò
31%
The famous Blue Mosque of Afghanistan is located in which one of its cities? Mazar-i-Sharif
19%
According to ECA International's research in 2015, what is the world's most expensive city to live in? Juba
6%
No matching quizzes found
Score Distribution
Percent of People with Each Score
Percentile by Number Answered
Your Score History
You have not taken this quiz